|
|
|
|
| LEADER |
00000nam2a2200000 4500 |
| 001 |
292102 |
| 005 |
20231102000448.0 |
| 035 |
|
|
|a (RuTPU)RU\TPU\book\316715
|
| 035 |
|
|
|a RU\TPU\book\300314
|
| 090 |
|
|
|a 292102
|
| 100 |
|
|
|a 20150420d1978 k y0rusy50 ca
|
| 101 |
0 |
|
|a rus
|
| 102 |
|
|
|a RU
|
| 105 |
|
|
|a a z 001zy
|
| 200 |
0 |
|
|a Вып. 8
|f под ред. В. А. Жарикова , В. В. Федькина
|
| 210 |
|
|
|d 1978
|
| 215 |
|
|
|a 215 с.
|c ил.
|
| 320 |
|
|
|a Библиогр. в конце ст.
|
| 461 |
|
1 |
|0 (RuTPU)RU\TPU\book\162400
|t Очерки физико-химической петрологии
|l Contributions to physico-chemical petrology
|o [сборник научных трудов]
|f Академия наук СССР (АН СССР), Институт экспериментальной минералогии (ИЭМ)
|v Вып. 8
|d 1969-
|
| 606 |
1 |
|
|a Петрология
|2 stltpush
|3 (RuTPU)RU\TPU\subj\48710
|9 67556
|
| 606 |
1 |
|
|a Петрография
|2 stltpush
|3 (RuTPU)RU\TPU\subj\48701
|9 67549
|
| 610 |
1 |
|
|a физические основы
|
| 610 |
1 |
|
|a химические основы
|
| 610 |
1 |
|
|a месторождения полезных ископаемых
|
| 610 |
1 |
|
|a горные породы
|
| 610 |
1 |
|
|a минералогия
|
| 610 |
1 |
|
|a структура
|
| 675 |
|
|
|a 552
|v 3
|
| 702 |
|
1 |
|a Жариков
|b В. А.
|4 340
|
| 702 |
|
1 |
|a Федькин
|b В. В.
|4 340
|
| 801 |
|
1 |
|a RU
|b 63413507
|c 20141128
|
| 801 |
|
2 |
|a RU
|b 63413507
|c 20200805
|g RCR
|
| 942 |
|
|
|c BK
|